SHAIKCHHIK PARBAND AWM VIDHALAY SANGATHAN (Record no. 19954)

MARC details
000 -LEADER
fixed length control field 00265nam a22001217a 4500
003 - CONTROL NUMBER IDENTIFIER
control field SGT
082 ## - DEWEY DECIMAL CLASSIFICATION NUMBER
Item number SID
100 ## - MAIN ENTRY--PERSONAL NAME
Personal name SIDANA, ASHOK
245 ## - TITLE STATEMENT
Title SHAIKCHHIK PARBAND AWM VIDHALAY SANGATHAN
260 ## - PUBLICATION, DISTRIBUTION, ETC. (IMPRINT)
Place of publication, distribution, etc DELHI
Name of publisher, distributor, etc SHIKSHA PUB
Year of Publication 2019
300 ## - PAGE DESCRIPTION
No. of Pages 346
942 ## - ADDED ENTRY ELEMENTS (KOHA)
Source of classification or shelving scheme Dewey Decimal Classification
Koha item type Books
Holdings
Withdrawn status Lost status Source of classification or shelving scheme Damaged status Not for loan Collection code Home library Current library Date acquired Cost, normal purchase price SGTU Bill Number Full call number Accession No. (Barcode) Date last seen Bill Date Koha item type
    Dewey Decimal Classification     EDUCATION SGT Engineering Library SGT Engineering Library 04/05/2020 250.00 SGTU 101 SID ED4678 04/05/2020 04/05/2020 Books
    Dewey Decimal Classification     EDUCATION SGT Engineering Library SGT Engineering Library 04/05/2020 250.00 SGTU 101 SID ED4679 04/05/2020 04/05/2020 Books